00587 a2200181 45000010006000000050017000060080041000230030015000640400040000790800085001192450048002040200022002522640038002743000019003125050045003310410008003761000021003846097120260407155900.0260407a1989 arg spa dAR-UNSa-BCEJYS aAR-UNSa-BCEJYSbspacAR-UNSa-BCEJYS a342.4xConstituciones. Asambleas legislativas. Asambleas nacionales (Reforma...)10aLas reformas de la Constitución Argentina a978-950-534-139-9 1aBuenos Aires :bA-Z Editorac1989 a191 p.c22 cm. a1. La reforma de la Constitución - 2.  aspa1 aBaeza, Carlos R.